000 00711nam a22001697a 4500
005 20241119093048.0
008 230721b ||||| |||| 00| 0 eng d
040 _cSSBUL
082 _223
_a၂၉၄.၃၆၁ ကြည် ၁၆၀၃၄ (S-SAT)
100 0 _aကြည်ဦး။
_96349
245 _aကောသမ္ဗီထိပ်ထား /
_cကြည်ဦး။
260 _aရန်ကုန် ၊
_bကံ့ကော်ဝတ်ရည်စာပေ ၊
_c၂၀၀၅။
300 _a၁၆၈ စာမျက်နှာ၊
_c၁၈ စင်တီ။
500 _aS-SAT: Dr Sai Aung Tun Collection
650 _aဗုဒ္ဓဘာသာဝတ္ထု။
_928262
942 _2ddc
_cBK1
999 _c27428
_d27428